Welcome to CU Library Online Public Access Catalogue (OPAC)

Managing human resources : (Record no. 2577)

MARC details
000 -LEADER
fixed length control field 00899pam a22002414a 4500
001 - CONTROL NUMBER
control field 740903
005 - DATE AND TIME OF LATEST TRANSACTION
control field 20250115183707.0
008 - FIXED-LENGTH DATA ELEMENTS--GENERAL INFORMATION
fixed length control field 990504s2000 ohuab b 001 0 eng
020 ## - INTERNATIONAL STANDARD BOOK NUMBER
International Standard Book Number 032400415X
020 ## - INTERNATIONAL STANDARD BOOK NUMBER
International Standard Book Number 9780324004151
050 00 - LIBRARY OF CONGRESS CALL NUMBER
Classification number HF5549
Item number .J254 2000
082 00 - DEWEY DECIMAL CLASSIFICATION NUMBER
Classification number 658.3
Edition information 21
100 1# - MAIN ENTRY--PERSONAL NAME
Personal name Jackson, Susan E.
245 10 - TITLE STATEMENT
Title Managing human resources :
Remainder of title a partnership perspective /
Statement of responsibility, etc. Susan E. Jackson, Randall S. Schuler.
250 ## - EDITION STATEMENT
Edition statement 7th Ed.
260 ## - PUBLICATION, DISTRIBUTION, ETC.
Place of publication, distribution, etc. Cincinnati, Ohio :
Name of publisher, distributor, etc. South-Western College Publishing,
Date of publication, distribution, etc. c2000.
300 ## - PHYSICAL DESCRIPTION
Extent xxiv, 776 p. :
Other physical details ill., map ;
Dimensions 26 cm.
650 #0 - SUBJECT ADDED ENTRY--TOPICAL TERM
Topical term or geographic name entry element Personnel management.
700 1# - ADDED ENTRY--PERSONAL NAME
Personal name Schuler, Randall S.
856 42 - ELECTRONIC LOCATION AND ACCESS
Materials specified Contributor biographical information
Uniform Resource Identifier <a href="http://www.loc.gov/catdir/enhancements/fy1512/99022218-b.html">http://www.loc.gov/catdir/enhancements/fy1512/99022218-b.html</a>
856 42 - ELECTRONIC LOCATION AND ACCESS
Materials specified Publisher description
Uniform Resource Identifier <a href="http://www.loc.gov/catdir/enhancements/fy1512/99022218-d.html">http://www.loc.gov/catdir/enhancements/fy1512/99022218-d.html</a>
942 ## - ADDED ENTRY ELEMENTS (KOHA)
Source of classification or shelving scheme Library of Congress Classification
Koha item type Books
Edition 7th Ed.
Suppress in OPAC No
999 ## -
-- 2577
-- 2577
Holdings
Withdrawn status Lost status Source of classification or shelving scheme Damaged status Not for loan Collection Home library Current library Shelving location Date acquired Total checkouts Full call number Barcode Date last seen Copy number Price effective from Koha item type
    Library of Congress Classification     Non-fiction Business Library (Miotso) Business Library (Miotso) General stacks 01/15/2025   HF5549 .J254 2000 BSSM00000447 01/15/2025 1 01/15/2025 Books
© 2023-2024 Copyright: Central University Libraries. All Rights Reserved | Created by: Mahone Tech Office